[Event "Titled Tuesday intern op 12th Dec Early"]
[Site "Chess.com INT"]
[Date "2023.12.12"]
[Round "5"]
[White "Gabrielian, Artur"]
[Black "Yaniuk, Volodymyr"]
[Result "0-1"]
[WhiteElo "2442"]
[BlackElo "2223"]
[PlyCount "110"]
[EventDate "2023.12.12"]
[EventType "swiss (blitz)"]
[EventRounds "11"]
[EventCountry "USA"]
[SourceTitle "CB51_2023"]
[SourceDate "2023.12.20"]
[SourceVersion "1"]
[SourceVersionDate "2023.12.20"]
[SourceQuality "1"]

1. e4 e5 2. Nf3 Nc6 3. Nc3 Nf6 4. Bb5 Bb4 5. 0-0 0-0 6. d3 Bxc3 7. bxc3 d6 8. Re1 h6 9. d4 Bd7 10. d5 Ne7 11. Bd3 Ng6 12. c4 b6 13. Nd2 Bg4 14. f3 Bd7 15. g3 Nh7 16. Nf1 f5 17. exf5 Bxf5 18. h4 Qf6 19. Nh2 Rae8 20. Be4 Qf7 21. Rf1 Qd7 22. Be3 Bxe4 23. fxe4 Qh3 24. Qg4 Qxg4 25. Nxg4 h5 26. Nh2 Rxf1+ 27. Nxf1 Nf6 28. Nd2 Ng4 29. Re1 Nf8 30. Kg2 Nd7 31. Bg1 Rf8 32. Nf3 Rc8 33. Re2 c6 34. Ng5 Nf8 35. a4 cxd5 36. exd5 Rxc4 37. Ne4 Rxa4 38. Nxd6 Nd7 39. Ne4 Ngf6 40. Nxf6+ gxf6 41. Rd2 Rc4 42. Be3 a5 43. Kf3 a4 44. Ke2 b5 45. Rd1 Rxc2+ 46. Kd3 Rb2 47. Rc1 Kf7 48. Rc7 Ke8 49. Rc8+ Ke7 50. Ra8 Rb3+ 51. Ke4 f5+ 52. Kf3 Kd6 53. Ke2 Kxd5 54. Rd8 Ke4 55. Bg5 Nb6 0-1

[Event "Titled Tuesday intern op 12th Dec Early"]
[Site "Chess.com INT"]
[Date "2023.12.12"]
[Round "6"]
[White "Materia, Marco"]
[Black "Yaniuk, Volodymyr"]
[Result "1-0"]
[WhiteElo "2426"]
[BlackElo "2223"]
[PlyCount "157"]
[EventDate "2023.12.12"]
[EventType "swiss (blitz)"]
[EventRounds "11"]
[EventCountry "USA"]
[SourceTitle "CB51_2023"]
[SourceDate "2023.12.20"]
[SourceVersion "1"]
[SourceVersionDate "2023.12.20"]
[SourceQuality "1"]

1. Nf3 d5 2. e3 Nf6 3. c4 e6 4. b3 Be7 5. Bb2 0-0 6. Be2 c5 7. 0-0 b6 8. cxd5 Nxd5 9. d4 cxd4 10. Nxd4 Bb7 11. Bf3 Nc6 12. Nc3 Nxd4 13. Qxd4 Bf6 14. Qg4 Nxc3 15. Bxb7 Rb8 16. Bf3 Nd5 17. Bxf6 Nxf6 18. Qa4 Qe7 19. Rac1 Rfc8 20. g3 h6 21. Kg2 Rc7 22. Rxc7 Qxc7 23. Rd1 b5 24. Qd4 Rc8 25. h4 e5 26. Qd3 a6 27. Qf5 Re8 28. Qb1 e4 29. Be2 Qe5 30. a4 g6 31. axb5 axb5 32. Qa1 Kg7 33. Qa5 Qb2 34. Qxb5 Re5 35. Qc4 Rf5 36. Rf1 g5 37. hxg5 hxg5 38. b4 g4 39. Bd1 Qd2 40. Qc8 Rb5 41. Bxg4 Qxb4 42. Be2 Rc5 43. Qh3 Rc2 44. Rh1 Kf8 45. Qh6+ Ke7 46. Qg5 Qc3 47. Bg4 Qb2 48. Rf1 Qc3 49. Bh3 Qc7 50. Rd1 Rc5 51. Qh4 Rc6 52. Rd4 Rd6 53. Rxe4+ Kf8 54. Qh6+ Kg8 55. Qg5+ Kf8 56. Rh4 Qc6+ 57. Kh2 Rd2 58. Rh8+ Ke7 59. Qe5+ Qe6 60. Bxe6 fxe6 61. Qc5+ Kf7 62. Qc7+ Kg6 63. Kg2 Ne4 64. Qf4 Rxf2+ 65. Qxf2 Nxf2 66. Kxf2 Kg7 67. Ra8 Kf6 68. Kf3 e5 69. Ke4 Kg5 70. Kxe5 Kg4 71. Kd5 Kxg3 72. e4 Kg4 73. e5 Kg5 74. e6 Kg6 75. Kd6 Kg7 76. e7 Kf6 77. e8Q Kg7 78. Qe2 Kh6 79. Ra1 1-0

[Event "Titled Tuesday intern op 12th Dec Early"]
[Site "Chess.com INT"]
[Date "2023.12.12"]
[Round "2"]
[White "Player, Edmund C"]
[Black "Yaniuk, Volodymyr"]
[Result "0-1"]
[WhiteElo "2199"]
[BlackElo "2223"]
[PlyCount "62"]
[EventDate "2023.12.12"]
[EventType "swiss (blitz)"]
[EventRounds "11"]
[EventCountry "USA"]
[SourceTitle "CB51_2023"]
[SourceDate "2023.12.20"]
[SourceVersion "1"]
[SourceVersionDate "2023.12.20"]
[SourceQuality "1"]

1. Nc3 d5 2. e4 d4 3. Nce2 Nc6 4. Ng3 g6 5. Bc4 Bg7 6. d3 Nf6 7. a3 0-0 8. f4 Bg4 9. Nf3 Nh5 10. Nxh5 Bxh5 11. 0-0 e5 12. Qe1 exf4 13. Bxf4 Bxf3 14. Rxf3 Ne5 15. Bxe5 Bxe5 16. Qb4 Kg7 17. Qxb7 Rb8 18. Qxa7 Rxb2 19. Bb3 Qh4 20. Rh3 Qg5 21. Rf1 h5 22. Rhf3 Kh6 23. Qa4 Bd6 24. Kh1 Qe5 25. Rg3 f5 26. Kg1 fxe4 27. Rxf8 Bxf8 28. Qd7 Rb1+ 29. Kf2 Qf4+ 30. Ke2 Qf1+ 31. Kd2 Qe1# 0-1

[Event "Titled Tuesday intern op 12th Dec Early"]
[Site "Chess.com INT"]
[Date "2023.12.12"]
[Round "4"]
[White "Yaniuk, Volodymyr"]
[Black "Krzyzanowski, Marcin"]
[Result "1-0"]
[WhiteElo "2223"]
[BlackElo "2512"]
[PlyCount "129"]
[EventDate "2023.12.12"]
[EventType "swiss (blitz)"]
[EventRounds "11"]
[EventCountry "USA"]
[SourceTitle "CB51_2023"]
[SourceDate "2023.12.20"]
[SourceVersion "1"]
[SourceVersionDate "2023.12.20"]
[SourceQuality "1"]

1. d4 Nf6 2. c4 e6 3. Nf3 Bb4+ 4. Bd2 c5 5. Bxb4 cxb4 6. g3 b6 7. Bg2 0-0 8. a3 bxa3 9. Nxa3 Bb7 10. 0-0 d5 11. Ne5 Nbd7 12. Nb5 Nxe5 13. dxe5 Nd7 14. Nd6 Bc6 15. cxd5 exd5 16. Bxd5 Nxe5 17. Bxc6 Nxc6 18. Qd5 Nb4 19. Qd2 a5 20. Rfd1 Qf6 21. Ne4 Qe7 22. Nc3 Rad8 23. Qf4 h6 24. Qc4 Qe5 25. Qb5 Qe6 26. Rac1 Rc8 27. Qd7 Qb3 28. Qd2 Rfe8 29. e4 Qe6 30. f3 h5 31. Kg2 h4 32. g4 Qb3 33. Nd5 h3+ 34. Kg3 Rxc1 35. Rxc1 Nxd5 36. exd5 Rd8 37. d6 Qe6 38. Rd1 Rd7 39. Kxh3 a4 40. Kg2 Qb3 41. Rc1 Qe6 42. Rc8+ Kh7 43. Qd3+ g6 44. Qd4 f6 45. Rc7 Kg7 46. Rxd7+ Qxd7 47. Qxb6 Kh6 48. Qe3+ g5 49. Qe7 Qb5 50. Qxf6+ Kh7 51. Qf5+ Qxf5 52. gxf5 a3 53. bxa3 g4 54. d7 gxf3+ 55. Kxf3 Kh6 56. d8Q Kh5 57. Qh8+ Kg5 58. Qg7+ Kxf5 59. Qf7+ Kg5 60. Qb3 Kh4 61. h3 Kxh3 62. a4 Kh2 63. a5 Kg1 64. Qc2 Kh1 65. Qg2# 1-0

[Event "Malakhatko Memorial op"]
[Site "Chess.com INT"]
[Date "2023.06.14"]
[Round "10"]
[White "Yaniuk, Volodymyr"]
[Black "Gerasimenyk, Mihail"]
[Result "1-0"]
[WhiteElo "2223"]
[BlackElo "2136"]
[PlyCount "73"]
[EventDate "2023.06.14"]
[EventType "swiss (blitz)"]
[EventRounds "11"]
[EventCountry "USA"]
[SourceTitle "CBM 214 Extra"]
[Source "ChessBase"]
[SourceDate "2023.07.31"]
[SourceVersion "1"]
[SourceVersionDate "2023.07.31"]
[SourceQuality "1"]

1. d4 d5 2. c4 c6 3. Nf3 Nf6 4. e3 Bg4 5. Nc3 e6 6. Qb3 Nbd7 7. Qxb7 Be7 8. Qxc6 0-0 9. cxd5 Rc8 10. Qa4 Nxd5 11. Be2 N7b6 12. Qb3 Bb4 13. Bd2 Bxf3 14. Bxf3 Nc4 15. Bxd5 Nxd2 16. Qxb4 Rb8 17. Qa3 exd5 18. Kxd2 Qg5 19. g3 Qf5 20. Rhf1 Rb6 21. Rac1 Rfb8 22. Rc2 h5 23. h4 Qf3 24. b3 Qg2 25. Ke2 Rf6 26. Qc5 Qf3+ 27. Kd2 Qg2 28. Rcc1 Rxf2+ 29. Rxf2 Qxf2+ 30. Ne2 Re8 31. Rc3 Qg2 32. Qxa7 Re6 33. Rc8+ Kh7 34. Qb8 Rf6 35. Rh8+ Kg6 36. Qe5 Rf5 37. Qe7 1-0

[Event "Titled Tuesday intern op 09th May Early"]
[Site "Chess.com INT"]
[Date "2023.05.09"]
[Round "9"]
[White "Csonka, Balazs"]
[Black "Yaniuk, Volodymyr"]
[Result "0-1"]
[WhiteElo "2496"]
[BlackElo "2223"]
[PlyCount "166"]
[EventDate "2023.05.09"]
[EventType "swiss (blitz)"]
[EventRounds "11"]
[EventCountry "USA"]
[SourceTitle "CBM 214 Extra"]
[Source "ChessBase"]
[SourceDate "2023.07.31"]
[SourceVersion "1"]
[SourceVersionDate "2023.07.31"]
[SourceQuality "1"]

1. e4 e5 2. Nf3 Nc6 3. d4 exd4 4. Nxd4 Nf6 5. Nxc6 bxc6 6. e5 Qe7 7. Qe2 Nd5 8. c4 Nb6 9. Nc3 Qe6 10. Qe4 Bb4 11. Bd2 Bb7 12. Bd3 0-0-0 13. 0-0 c5 14. Qe2 f6 15. a3 Bxc3 16. Bxc3 f5 17. Rfe1 h5 18. b4 Na4 19. Qc2 Nxc3 20. Qxc3 h4 21. h3 Rh6 22. Be2 g5 23. Bf3 g4 24. Bxb7+ Kxb7 25. Rab1 Qc6 26. Qe3 gxh3 27. Qxh3 Rg8 28. bxc5+ Ka8 29. Kf1 Rhg6 30. Qf3 Qxf3 31. gxf3 Rg1+ 32. Ke2 Rxe1+ 33. Rxe1 Kb7 34. Rh1 Re8 35. Rxh4 Rxe5+ 36. Kd3 Rxc5 37. Rd4 Kc6 38. Kc3 Ra5 39. Kb4 Re5 40. Rf4 d6 41. a4 a5+ 42. Kc3 Kc5 43. Kb3 Kc6 44. Kc3 Kd7 45. Kd4 Ke6 46. Rh4 Re1 47. Rh7 c5+ 48. Kd3 Ra1 49. Rh6+ Kd7 50. Rf6 Ra3+ 51. Ke2 Rxa4 52. Kd3 Ra3+ 53. Ke2 Ra2+ 54. Ke3 Rc2 55. Rxf5 Rxc4 56. Rf7+ Kc6 57. f4 a4 58. f5 Rc3+ 59. Ke2 Rc2+ 60. Ke3 a3 61. Ra7 Rc3+ 62. Ke2 Rc2+ 63. Ke3 a2 64. f6 Rb2 65. f7 Rb8 66. Rxa2 Rf8 67. Ra7 Kd5 68. Kf4 Ke6 69. Ke3 Rxf7 70. Ra6 Kd5 71. f4 Re7+ 72. Kf3 Rf7 73. Kg4 c4 74. f5 c3 75. Kg5 c2 76. Ra1 Kd4 77. Kg6 Rf8 78. f6 Kc3 79. Kg7 Rb8 80. f7 d5 81. f8Q Rxf8 82. Kxf8 d4 83. Ke7 d3 0-1

[Event "Titled Tuesday intern op 09th May Early"]
[Site "Chess.com INT"]
[Date "2023.05.09"]
[Round "7"]
[White "Yaniuk, Volodymyr"]
[Black "Abdilkhair, Abilmansur"]
[Result "1-0"]
[WhiteElo "2223"]
[BlackElo "2268"]
[PlyCount "119"]
[EventDate "2023.05.09"]
[EventType "swiss (blitz)"]
[EventRounds "11"]
[EventCountry "USA"]
[SourceTitle "CBM 214 Extra"]
[Source "ChessBase"]
[SourceDate "2023.07.31"]
[SourceVersion "1"]
[SourceVersionDate "2023.07.31"]
[SourceQuality "1"]

1. d4 Nf6 2. c4 e6 3. g3 d5 4. Bg2 c6 5. Nf3 Be7 6. 0-0 Nbd7 7. Nfd2 0-0 8. Nc3 b6 9. e4 Ba6 10. e5 Ne8 11. b3 Nc7 12. Re1 c5 13. dxc5 Nxc5 14. cxd5 Nxd5 15. Nxd5 exd5 16. Nf3 Nd3 17. Re3 Nxc1 18. Rxc1 Ba3 19. Rc2 Bc5 20. Nd4 Rc8 21. h3 Qd7 22. Rec3 Rfe8 23. f4 g6 24. Kh2 h5 25. h4 Qb7 26. Nf3 Be7 27. Nd4 Rxc3 28. Rxc3 Bb4 29. Rc2 Qd7 30. Bh3 Qb7 31. e6 Bc5 32. f5 fxe6 33. Nxe6 gxf5 34. Bxf5 Qf7 35. Qxd5 Bb7 36. Qe5 Bc8 37. Re2 Bf8 38. Re4 Bg7 39. Qxg7+ Qxg7 40. Nxg7 Rxe4 41. Bxe4 Kxg7 42. Kg2 Kf6 43. Kf2 Ke5 44. Bf3 Bg4 45. Bxg4 hxg4 46. Ke3 Kf5 47. Kd4 a6 48. a4 a5 49. Kd5 Kf6 50. Ke4 Kg6 51. Kf4 Kh5 52. Kf5 Kh6 53. Kxg4 Kg6 54. Kf4 Kf6 55. Ke4 Ke6 56. Kd4 Kf5 57. Kc4 Kg4 58. Kb5 Kxg3 59. h5 Kh4 60. h6 1-0

[Event "Titled Tuesday intern op 09th May Early"]
[Site "Chess.com INT"]
[Date "2023.05.09"]
[Round "4"]
[White "Yaniuk, Volodymyr"]
[Black "Fernandez Siles, Luis"]
[Result "1-0"]
[WhiteElo "2223"]
[BlackElo "2218"]
[PlyCount "73"]
[EventDate "2023.05.09"]
[EventType "swiss (blitz)"]
[EventRounds "11"]
[EventCountry "USA"]
[SourceTitle "CBM 214 Extra"]
[Source "ChessBase"]
[SourceDate "2023.07.31"]
[SourceVersion "1"]
[SourceVersionDate "2023.07.31"]
[SourceQuality "1"]

1. d4 Nf6 2. c4 g6 3. Nc3 Bg7 4. e4 d6 5. Nf3 0-0 6. Be2 c5 7. d5 e6 8. 0-0 exd5 9. cxd5 a6 10. a4 Bg4 11. Nd2 Bxe2 12. Qxe2 Nbd7 13. Nc4 Nb6 14. Na3 Re8 15. Qd3 Rc8 16. Bf4 c4 17. Qc2 Ng4 18. a5 Na8 19. Qa4 Bxc3 20. bxc3 Rxe4 21. Bg3 Ne5 22. Rab1 b5 23. axb6 Nxb6 24. Qc2 f5 25. Rfd1 Nbd7 26. f3 Re3 27. Bf2 Rd3 28. Bd4 Qa5 29. Ra1 Qxd5 30. Re1 f4 31. Re4 g5 32. Qa4 Rc7 33. Qxa6 Rxf3 34. Rae1 Rd3 35. Nb5 f3 36. Nxc7 f2+ 37. Bxf2 1-0

[Event "Titled Tuesday intern op 02nd May Early"]
[Site "Chess.com INT"]
[Date "2023.05.02"]
[Round "1"]
[White "Goswami, Vedant"]
[Black "Yaniuk, Volodymyr"]
[Result "0-1"]
[WhiteElo "2034"]
[BlackElo "2223"]
[PlyCount "68"]
[EventDate "2023.05.02"]
[EventType "swiss (blitz)"]
[EventRounds "11"]
[EventCountry "USA"]
[SourceTitle "EXT 2024"]
[Source "ChessBase"]
[SourceDate "2023.10.10"]
[SourceVersion "1"]
[SourceVersionDate "2023.10.10"]
[SourceQuality "1"]

1. b3 d5 2. Bb2 Bf5 3. d3 Nf6 4. Nd2 Nbd7 5. Ngf3 h6 6. g3 e6 7. Bg2 Bb4 8. 0-0 0-0 9. a3 Ba5 10. c4 c6 11. b4 Bb6 12. Re1 Ng4 13. c5 Bc7 14. e4 Bh7 15. Qc2 Nge5 16. Qc3 Qf6 17. Nxe5 Nxe5 18. f4 Nxd3 19. e5 Qd8 20. Red1 Nxb2 21. Qxb2 b6 22. Nf3 a5 23. Nd4 Qd7 24. b5 bxc5 25. Nxc6 c4 26. a4 Bb6+ 27. Kh1 f6 28. Re1 Rae8 29. Rad1 Bc5 30. h4 Qf7 31. Bf3 Qg6 32. Kh2 fxe5 33. Nxe5 Qf6 34. Nd7 Qxb2+ 0-1

[Event "Titled Tuesday intern op 25th Apr Early"]
[Site "Chess.com INT"]
[Date "2023.04.25"]
[Round "3"]
[White "Galchenko, Matvey"]
[Black "Yaniuk, Volodymyr"]
[Result "1-0"]
[WhiteElo "2442"]
[BlackElo "2223"]
[PlyCount "119"]
[EventDate "2023.04.25"]
[EventType "swiss (blitz)"]
[EventRounds "11"]
[EventCountry "USA"]
[SourceTitle "EXT 2024"]
[Source "ChessBase"]
[SourceDate "2023.10.10"]
[SourceVersion "1"]
[SourceVersionDate "2023.10.10"]
[SourceQuality "1"]

1. f4 d5 2. Nf3 c5 3. g3 Nc6 4. Bg2 g6 5. 0-0 Bg7 6. d3 Bg4 7. Nc3 Bxf3 8. Bxf3 e6 9. e4 Nge7 10. Bg2 0-0 11. Qe2 Nd4 12. Qf2 b6 13. e5 h5 14. Nd1 Qd7 15. c3 Ndc6 16. Qe2 Nf5 17. Nf2 f6 18. exf6 Bxf6 19. Bd2 e5 20. Rae1 Rae8 21. Qf3 Rd8 22. a3 exf4 23. Bxf4 Nce7 24. Nh3 d4 25. Qe4 dxc3 26. bxc3 Qxd3 27. Qe6+ Kg7 28. Be5 Bxe5 29. Qxe5+ Rf6 30. Ng5 Rdd6 31. Be4 Qb5 32. Bb1 Qd7 33. Ne4 Rde6 34. Nxf6 Rxf6 35. h3 Kf7 36. g4 hxg4 37. hxg4 Re6 38. Qxe6+ Qxe6 39. Rxe6 Kxe6 40. gxf5+ gxf5 41. Re1+ Kd6 42. Kf2 Nd5 43. c4 Ne7 44. Kf3 a6 45. Kf4 b5 46. Bd3 b4 47. Rb1 a5 48. a4 Nc6 49. Bxf5 Ne5 50. Rd1+ Kc6 51. Kxe5 b3 52. Rd6+ Kb7 53. Kd5 b2 54. Bb1 Ka7 55. Kxc5 Kb7 56. Rb6+ Ka7 57. Kc6 Ka8 58. Kc7 Ka7 59. Rc6 Ka8 60. Ra6# 1-0

[Event "Titled Tuesday intern op 28th Mar Early"]
[Site "Chess.com INT"]
[Date "2023.03.28"]
[Round "3"]
[White "Yaniuk, Volodymyr"]
[Black "Floresvillar Gonzalez, Luis Miguel"]
[Result "1-0"]
[WhiteElo "2223"]
[BlackElo "2075"]
[PlyCount "55"]
[EventDate "2023.03.28"]
[EventType "swiss (blitz)"]
[EventRounds "11"]
[EventCountry "USA"]
[SourceTitle "EXT 2024"]
[Source "ChessBase"]
[SourceDate "2023.10.10"]
[SourceVersion "1"]
[SourceVersionDate "2023.10.10"]
[SourceQuality "1"]

1. c4 e6 2. d4 Nf6 3. g3 Be7 4. Bg2 0-0 5. Nc3 c5 6. d5 exd5 7. cxd5 d6 8. Nf3 a6 9. a4 Bg4 10. Nd2 h6 11. h3 Bh5 12. 0-0 Nbd7 13. Nc4 Nb6 14. Na3 Re8 15. a5 Nbd7 16. Nc4 b5 17. axb6 Nxb6 18. Na5 Qc7 19. Bf4 Bf8 20. g4 Bg6 21. f3 Nfd7 22. e4 Ne5 23. Bxe5 Rxe5 24. Nc6 Ree8 25. Qb3 a5 26. Nb5 Qb7 27. Nxa5 Qa7 28. Nxa7 1-0

[Event "Titled Tuesday intern op 28th Feb Early"]
[Site "Chess.com INT"]
[Date "2023.02.28"]
[Round "3"]
[White "Micic, Aleksa"]
[Black "Yaniuk, Volodymyr"]
[Result "1/2-1/2"]
[WhiteElo "2273"]
[BlackElo "2223"]
[PlyCount "177"]
[EventDate "2023.02.28"]
[EventType "swiss (blitz)"]
[EventRounds "11"]
[EventCountry "USA"]
[SourceTitle "CBM 213 Extra"]
[Source "ChessBase"]
[SourceDate "2023.05.31"]
[SourceVersion "1"]
[SourceVersionDate "2023.05.31"]
[SourceQuality "1"]

1. d4 d5 2. Nc3 Nf6 3. Bf4 a6 4. e3 Bf5 5. Bd3 e6 6. Bxf5 exf5 7. Nf3 c6 8. Ne5 Nbd7 9. 0-0 Nxe5 10. dxe5 Nd7 11. f3 Bc5 12. Kh1 g5 13. Bg3 Bxe3 14. f4 g4 15. Qd3 d4 16. Ne2 h5 17. Nxd4 Bxd4 18. Qxd4 Nf8 19. Qc3 Ne6 20. Rad1 Qe7 21. Qd3 h4 22. Be1 Rh5 23. Ba5 h3 24. g3 Kf8 25. Bb6 Kg7 26. Qd6 Re8 27. Rd2 Kg6 28. Rfd1 Rhh8 29. Qxe7 Rxe7 30. Rd7 Rhe8 31. Kg1 Rxd7 32. Rxd7 f6 33. exf6 Kxf6 34. Rxb7 c5 35. Ba5 Nd4 36. Bc3 Re2 37. Rb6+ Kf7 38. Bxd4 cxd4 39. Rd6 Rg2+ 40. Kf1 Rxh2 41. Rxd4 Rxc2 42. Kg1 Rg2+ 43. Kh1 Rxb2 44. Ra4 Ke6 45. Rxa6+ Kd5 46. Ra5+ Ke4 47. Ra4+ Kf3 48. Ra3+ Kf2 49. Kh2 Rc2 50. Ra4 Re2 51. Ra3 Re1 52. Rb3 Ra1 53. Rb2+ Kf3 54. Rb3+ Ke4 55. Rb4+ Kd3 56. Rb2 Kc3 57. Rf2 Rb1 58. Re2 Kd3 59. Rf2 Ra1 60. Rb2 Kc4 61. Rc2+ Kb4 62. Re2 Ka3 63. Re3+ Kb4 64. Re2 Ka3 65. Re3+ Kxa2 66. Re5 Kb3 67. Rxf5 Ra2+ 68. Kh1 Rg2 69. Rg5 Rxg3 70. f5 Kc4 71. f6 Kd3 72. f7 Rf3 73. Rxg4 Rf1+ 74. Kh2 Rxf7 75. Rg3+ Ke2 76. Rxh3 Kf2 77. Ra3 Rh7+ 78. Rh3 Rg7 79. Rh4 Rg2+ 80. Kh3 Rg3+ 81. Kh2 Rg2+ 82. Kh3 Rg1 83. Rf4+ Ke3 84. Rg4 Rh1+ 85. Kg3 Ra1 86. Kh4 Ra8 87. Kg5 Rg8+ 88. Kf5 Rxg4 89. Kxg4 1/2-1/2

[Event "Titled Tuesday intern op 28th Feb Early"]
[Site "Chess.com INT"]
[Date "2023.02.28"]
[Round "8"]
[White "Yaniuk, Volodymyr"]
[Black "Gauri, Shankar"]
[Result "0-1"]
[WhiteElo "2223"]
[BlackElo "2322"]
[PlyCount "106"]
[EventDate "2023.02.28"]
[EventType "swiss (blitz)"]
[EventRounds "11"]
[EventCountry "USA"]
[SourceTitle "CBM 213 Extra"]
[Source "ChessBase"]
[SourceDate "2023.05.31"]
[SourceVersion "1"]
[SourceVersionDate "2023.05.31"]
[SourceQuality "1"]

1. d4 Nf6 2. c4 e6 3. g3 Bb4+ 4. Bd2 Qe7 5. Bg2 Nc6 6. e3 Bxd2+ 7. Qxd2 d6 8. Nc3 0-0 9. Nge2 e5 10. Nd5 Qd8 11. 0-0 Bf5 12. Rac1 Ne4 13. Qd1 exd4 14. Nxd4 Bg6 15. Nf4 Re8 16. Nxg6 hxg6 17. Nxc6 bxc6 18. b4 Qf6 19. Qd3 Qf5 20. Rc2 Rab8 21. a3 c5 22. b5 Nxg3 23. Qxf5 Nxf5 24. a4 g5 25. a5 g6 26. Rd1 Kg7 27. Rb2 Kf6 28. Rd5 Ke7 29. Be4 Ng7 30. Rxg5 Kf6 31. Rg4 Rh8 32. Bd5 Ke7 33. Re4+ Kf8 34. Rf4 f5 35. e4 Ke7 36. exf5 gxf5 37. Re2+ Kf6 38. Rf3 Rh4 39. Rfe3 Rg4+ 40. Kf1 Rh8 41. Re7 Rxh2 42. Rf7+ Kg6 43. Ree7 Nh5 44. Rxc7 Rd4 45. Rfd7 Rd1+ 46. Ke2 Ra1 47. Rxd6+ Kg5 48. Rd8 Ra2+ 49. Kf1 Ra1+ 50. Ke2 Nf4+ 51. Kd2 Rxf2+ 52. Ke3 Re2+ 53. Kf3 Ra3# 0-1

[Event "Titled Tuesday intern op 28th Feb Early"]
[Site "Chess.com INT"]
[Date "2023.02.28"]
[Round "5"]
[White "Yaniuk, Volodymyr"]
[Black "Iskusnyh, Sergei"]
[Result "1-0"]
[WhiteElo "2223"]
[BlackElo "2443"]
[PlyCount "103"]
[EventDate "2023.02.28"]
[EventType "swiss (blitz)"]
[EventRounds "11"]
[EventCountry "USA"]
[SourceTitle "CBM 213 Extra"]
[Source "ChessBase"]
[SourceDate "2023.05.31"]
[SourceVersion "1"]
[SourceVersionDate "2023.05.31"]
[SourceQuality "1"]

1. d4 d5 2. c4 c6 3. Nf3 Nf6 4. e3 a6 5. Nbd2 Bf5 6. b3 e6 7. Bb2 Nbd7 8. Be2 h6 9. 0-0 Be7 10. Ne5 Nxe5 11. dxe5 Nd7 12. Nf3 0-0 13. h3 a5 14. Bd3 Be4 15. cxd5 Bxd3 16. Qxd3 exd5 17. a4 Nc5 18. Qc2 Qb6 19. Ba3 Rfe8 20. Bxc5 Bxc5 21. Rad1 Rad8 22. g3 Bb4 23. Rd3 Qc5 24. Qb2 Qe7 25. Kg2 Qe6 26. Rfd1 Qf5 27. Rd4 Bf8 28. e4 Qe6 29. exd5 cxd5 30. Qd2 Bb4 31. Qd3 Rc8 32. Rxd5 Rc3 33. Qb5 Qc6 34. Qxc6 bxc6 35. R5d3 Rb8 36. g4 Rxd3 37. Rxd3 Be7 38. Nd4 Kf8 39. Kf3 Rb6 40. Rc3 c5 41. Nb5 g5 42. Ke4 f6 43. Rf3 Kg7 44. exf6+ Bxf6 45. Kd5 Be7 46. Re3 Kf7 47. Rf3+ Kg7 48. Kc4 Re6 49. Kd5 Re1 50. Re3 Rd1+ 51. Kc6 Kf7 52. Kb6 1-0

[Event "Titled Tuesday intern op 10th Jan Early"]
[Site "Chess.com INT"]
[Date "2023.01.10"]
[Round "3"]
[White "Pinero Rodriguez, Carlos Jose"]
[Black "Yaniuk, Volodymyr"]
[Result "1/2-1/2"]
[WhiteElo "2246"]
[BlackElo "2223"]
[PlyCount "150"]
[EventDate "2023.01.10"]
[EventType "swiss (blitz)"]
[EventRounds "11"]
[EventCountry "USA"]
[SourceTitle "EXT 2024"]
[Source "ChessBase"]
[SourceDate "2023.10.10"]
[SourceVersion "1"]
[SourceVersionDate "2023.10.10"]
[SourceQuality "1"]

1. d4 d5 2. c4 e6 3. cxd5 exd5 4. Nc3 Nf6 5. Bg5 c6 6. e3 Be7 7. Bd3 Nbd7 8. Qc2 h6 9. Bh4 Nh5 10. Bg3 Nxg3 11. hxg3 0-0 12. Nf3 Re8 13. 0-0 Bd6 14. Rab1 a5 15. a3 Nf6 16. b4 axb4 17. axb4 b5 18. e4 dxe4 19. Nxe4 Ra6 20. Nc5 Ra7 21. Ra1 Ree7 22. Qb2 Nd5 23. Nd2 Rec7 24. Nde4 Bf8 25. Nc3 Nf6 26. Rad1 Ng4 27. Rfe1 Re7 28. Be4 Nf6 29. Bxc6 Rxe1+ 30. Rxe1 Qxd4 31. Rd1 Qe5 32. Bxb5 Bg4 33. Rb1 Bxc5 34. bxc5 Qxc5 35. Be2 Ra8 36. Bxg4 Nxg4 37. Ne4 Qf5 38. f3 Ne5 39. Qb7 Ra2 40. Rb2 Ra1+ 41. Rb1 Ra2 42. Rb2 Ra1+ 43. Rb1 Rxb1+ 44. Qxb1 Ng6 45. Qb8+ Kh7 46. Qc7 Ne5 47. Qc5 g6 48. g4 Qe6 49. Qd6 Kg7 50. Qxe6 fxe6 51. Kf2 Nf7 52. Ke3 h5 53. gxh5 gxh5 54. f4 Kg6 55. Kf3 Kf5 56. Ng3+ Kg6 57. Ne4 Nh6 58. Nc5 Kf5 59. Ne4 Ng4 60. Ng3+ Kg6 61. Ne2 Kf5 62. Ng3+ Kg6 63. Ke4 h4 64. Ne2 Kf6 65. Nd4 Nf2+ 66. Kf3 Nd3 67. Kg4 Kf7 68. Kxh4 e5 69. fxe5 Nxe5 70. Nf3 Ng6+ 71. Kg4 Kg7 72. Kf5 Ne7+ 73. Ke6 Ng6 74. Ng5 Nf4+ 75. Kf5 Nxg2 1/2-1/2

[Event "Titled Tuesday intern op 10th Jan Early"]
[Site "Chess.com INT"]
[Date "2023.01.10"]
[Round "5"]
[White "Yaniuk, Volodymyr"]
[Black "Makhmudov, Shukhrat"]
[Result "0-1"]
[WhiteElo "2223"]
[BlackElo "2115"]
[PlyCount "55"]
[EventDate "2023.01.10"]
[EventType "swiss (blitz)"]
[EventRounds "11"]
[EventCountry "USA"]
[SourceTitle "EXT 2024"]
[Source "ChessBase"]
[SourceDate "2023.10.10"]
[SourceVersion "1"]
[SourceVersionDate "2023.10.10"]
[SourceQuality "1"]

1. d4 Nf6 2. c4 e6 3. g3 d5 4. Bg2 Be7 5. Nf3 0-0 6. Nc3 c6 7. 0-0 b6 8. Ne5 Ba6 9. e4 Nfd7 10. exd5 cxd5 11. cxd5 Nxe5 12. dxe5 exd5 13. Nxd5 Bxf1 14. Nxe7+ Qxe7 15. Bxa8 Bh3 16. Qd6 Rd8 17. Bg5 Qxg5 18. f4 Rxd6 19. fxg5 Rd8 20. Rc1 Nd7 21. Bd5 Nxe5 22. Rc7 Rxd5 23. Rxa7 g6 24. Kf2 Nc4 25. Ra8+ Kg7 26. b3 Rd2+ 27. Kf3 Bg2+ 28. Kg4 0-1